| 000 | 00591nam a2200181Ia 4500 | ||
|---|---|---|---|
| 999 |
_c8892 _d8892 |
||
| 003 | OSt | ||
| 005 | 20210810155927.0 | ||
| 008 | 171115b xxu||||| |||| 00| 0 eng d | ||
| 020 | _a9789085730804 | ||
| 040 |
_aMMU _beng _cMMU _dMMU |
||
| 050 | _aSF 713 .T4 E85 2007 | ||
| 245 |
_aEthnoveterinary Medicine : _ba practical aaproach to the treatment of cattle diseases in sub-Saharan Africa/ _cNgeh J. Toyang ...[et al.]. |
||
| 260 |
_aNetherlands : _bAgromisa, _c 2007 |
||
| 300 |
_a87 p. : _bill. ; |
||
| 650 | _a_Veterinary Medicine | ||
| 700 | _a_Jacob Wanyama | ||
| 942 |
_2lcc _cLOAN LOAN |
||